000 00336nam a2200133Ia 4500
008 240624s9999 xx 000 0 und d
041 _aeng
082 _a425 BOO
100 _aBOOHER
245 _aBOOHER S RULES OF BUSNESS GRAMMAR
260 _c2015
_aNew Delhi
_bTata McGraw - Hill
300 _a294 : p. : cm. ; 28
365 _cRS
_b33
999 _c26255
_d26255